| 000 | 00562nam a22002051a 4500 | ||
|---|---|---|---|
| 001 | 7004 | ||
| 003 | OSt | ||
| 005 | 20260204212112.0 | ||
| 008 | 060927s2005||||mx ||||||b||||||||||spa|| | ||
| 020 | _a9706864342 | ||
| 050 | _a658 H369a | ||
| 100 | _aHellvegel, Don | ||
| 245 | _aAdministración: un enfoque basado en competencia / Don Hellvegel, Susan E. Jakson y John W. Slocun Jr | ||
| 250 | _a10 | ||
| 264 | _aMéxico : Thomson | ||
| 300 | _a540 p | ||
| 650 | _a1.Administración | ||
| 700 | _aJakson, Susan E. II.Slocun Jr, John W.Ì | ||
| 942 |
_2ddc _cBK |
||
| 999 |
_c7004 _d7004 |
||